A feasibility study on developing oil futures exchange in Singapore /
Saved in:
| Main Author: | |
|---|---|
| Format: | Thesis Book |
| Language: | English |
| Published: |
1985
|
| Subjects: | |
| Tags: |
Add Tag
No Tags, Be the first to tag this record!
|
| LEADER | 00943cam a2200277 a 4500 | ||
|---|---|---|---|
| 001 | u51646 | ||
| 003 | SIRSI | ||
| 008 | 871218s1985 si v 00 1 eng m | ||
| 015 | |a X870080398 | ||
| 035 | |a AAF-5556 | ||
| 040 | |a UMM | ||
| 043 | |a a-si--- | ||
| 090 | |a HG3873 |b S55Lim | ||
| 100 | 1 | 0 | |a Lim, Tee Kheng |
| 245 | 1 | 2 | |a A feasibility study on developing oil futures exchange in Singapore / |c by Lim Tee Keng |
| 260 | |c 1985 | ||
| 300 | |a iv, 127 leaves ; |c 30cm | ||
| 502 | |a Dissertation (M.B.A.) -- National University of Singapore, 1985 | ||
| 504 | 0 | 0 | |a Bibliography: leaves 125-127 |
| 610 | 2 | 0 | |a Singapore International Monetary Exchange. |
| 610 | 2 | 0 | |a Chicago Mercantile Exchange. |
| 650 | 0 | |a Foreign exchange futures |z Singapore. | |
| 650 | 0 | |a Petroleum industry and trade |x Economic aspects |z Singapore. | |
| 948 | |a 16/03/1991 |b 31/10/1998 | ||
| 596 | |a 1 | ||
| 999 | |a HG3873 S55LIM |w LC |c 1 |i A010319952 |l STACKS |m P01UTAMA |r Y |s Y |t TESIS |u 18/10/1991 | ||
